Multiple Choice City Quiz – St. Louis - Statistics

General Stats
  • This quiz has been taken 59 times
  • The average score is 5 of 10
Answer Stats
Question Answer % Correct
St Louis’ metropolitan area is not only in Missouri. What other state is it in? Illinois
82%
Which one is St Louis' flag?
73%
St. Louis is sister cities with 2 Chinese cities. One of them is Wuhan. What is the other one? Nanjing
64%
What year did St. Louis hold the Summer Olympics? 1904
59%
What famous court case was held in St. Louis? Dred Scott v. Sanford
55%
How tall is the Gateway Arch? 630 feet
45%
Which interstate does not connect to St. Louis? Interstate 68
34%
Who did they name the city after? Louis IX
30%
What natural disaster in 1896 ravaged the population of St. Louis? Tornado
27%
How many Pulitzer prizes has the St. Louis Post-Dispatch won? 19
16%
No matching quizzes found
Score Distribution
Percent of People with Each Score
Percentile by Number Answered
Your Score History
You have not taken this quiz